000 00480nam a2200181Ia 4500
001 3166
005 20260306144900.0
008 260306t2010||||xx |||||||||||||| ||spa||
041 _aESP
082 _a261.8
_bC235
100 _aCentro de Pensamiento Social Católico
_eAUT
245 0 _aSegundo informe sobre la doctrina social de la iglesia en el mundo
260 _c2010
300 _a220 páginas :
_c24 cm.
650 _aGEN
654 _aCHU
942 _cLIB
_dJUS
_fJUS
_2ddc
_n
999 _c3166
_d3166